| 000 | 01791cam a2200253 4500 | ||
|---|---|---|---|
| 001 | ##L133479 | ||
| 002 | ##9894 | ||
| 008 | 060511n2006 000 0 eng u | ||
| 020 | _a0728204908 | ||
| 035 | _a(Sirsi) u133479 | ||
| 041 | 0 | _aeng | |
| 050 | 0 | 4 | _a346.4104342 $2 18 |
| 100 | 1 | _aWard, Charles | |
| 245 | 0 | 0 | _aResidential leaseholders' handbook |
| 260 |
_aLondon _bEG Books _c2006 |
||
| 300 |
_ax, 192p _c22cm. |
||
| 350 | _a20 | ||
| 505 | 2 | _aUnderstanding a residential lease -- The case of the missing landlord -- Dealing with landlord default -- Sale, sublettings, alterations and use -- Service charges -- The right to manage -- The meaning of collective enfranchisement -- The right of first refusal -- The general right to enfranchise/extend under the 1993 Act -- Compulsory acquisition of a landlord's interest -- Freehold enfranchisement of houses -- When a lease comes to an end -- Variation of leases -- Disputes resolution -- Running a leasehold management company. | |
| 520 | _aExplains everything leaseholders and their advisers need to know in respect of long residential leases. Sets out the legal framework of a typical ground lease and its main provisions, and also advises on such problem areas as absentee landlords, spiralling service charges, the right to be consulted on significant or long term service charge items, how to challenge excessive service charges, how to gain control of the freehold, and how to set up a management company. Makes extensive use of real life scenarios, landmark cases and fictitious case studies to illustrate how leasehold law works in practice. | ||
| 590 | _aIKA060606 | ||
| 651 | 4 |
_aEngland and Wales _y1543- |
|
| 690 | _aPROPERTY-RESIDENTIAL PROPERTY-RESIDENTIAL LANDLORD AND TENANT-RESIDENTIAL LEASES | ||
| 942 | _n0 | ||
| 999 |
_c105405 _d105405 |
||